000 00682nam a2200265Ia 4500
005 20260320203341.0
008 008 262003s9999 xx 000 0 eng d
020 _a978-3-031-28870-8
037 _aEBOOK
040 _aCRL
040 _beng
040 _cCRL
041 _2eng
041 _aeng
084 _qCRL
100 _aJairo R. Montoya-Torres, William J. Guerrero, David L. Cortés-Murcia
_91137456
245 0 _aOperations Research and Analytics in Latin America
260 _bSpringer
260 _c2023
650 _aPhysics
856 _uhttps://doi.org/10.1007/978-3-031-28870-8
942 _cEBOOK
999 _c1726240
_d1726240